000 00746nam a22001695i 4500
001 163711
003 ES-MaACL
005 20230906212808.0
008 010730s1892 po |||| | por d
040 _aCAM
_bspa
_cCAM
100 1 _aRodrigues, José Maria.
_998196
245 1 0 _aNota sobre a necessidade de nos archivos do Vaticano se fazerem investigações concernentes á historia de Portugal /
_cpelo José María Rodrigues.
260 _aCoimbra :
_b[s.n.],
_c1892 (
_fimprensa da Universidade)
300 _a11 p. ;
_c25 cm.
594 1 _aPrecede al tit.: Congresso pedagógico hispano-portuguez-americano, Secção portugueza.
852 _aES-MaACL
_jT-1120-F-20
_z-- Enc. hol. conservando la cub. original
_z-- Enc. en un vol. facticio
999 _c163711
_d163711